| 000 | 00374nam a22001457a 4500 | ||
|---|---|---|---|
| 003 | LK-CoDNM | ||
| 005 | 20240903143420.0 | ||
| 008 | 240903b |||||||| |||| 00| 0 eng d | ||
| 040 |
_aLK-CoDNM _dLK-CoDNM _eLK-CoDNM |
||
| 080 | _b1961 | ||
| 245 | _aThe Physical Anthropology Of Ceylon | ||
| 260 |
_aColombo _bGoverment press _c1961 |
||
| 300 | _b180p. : 24 cm | ||
| 942 | _cBK | ||
| 999 |
_c150771 _d150771 |
||